Fr. Conceicao Rodrigues College of Engineering

Designing distributed learning environments with intelligent software agents (Record no. 25970)

MARC details
000 -LEADER
fixed length control field 00433nam a2200169Ia 4500
082 ## - DEWEY DECIMAL CLASSIFICATION NUMBER
Classification number 5.14
Item number LIN
100 ## - MAIN ENTRY--PERSONAL NAME
Personal name Lin/Fuhua Oscar
245 ## - TITLE STATEMENT
Title Designing distributed learning environments with intelligent software agents
260 ## - PUBLICATION, DISTRIBUTION, ETC.
Name of publisher, distributor, etc. Information science publishing
Date of publication, distribution, etc. 2005
366 ## - TRADE AVAILABILITY INFORMATION
Publishers's discount category 25
300 ## - PHYSICAL DESCRIPTION
Extent 311
546 ## - LANGUAGE NOTE
Language note ENGLISH
-- Computers
650 ## - SUBJECT ADDED ENTRY--TOPICAL TERM
Topical term or geographic name entry element Software
654 ## - SUBJECT ADDED ENTRY--FACETED TOPICAL TERMS
Focus term distributed software
942 ## - ADDED ENTRY ELEMENTS (KOHA)
Koha item type Reference Book
Holdings
Withdrawn status Lost status Damaged status Not for loan Collection Home library Current library Date acquired Source of acquisition Cost, normal purchase price Inventory number Total Checkouts Full call number Barcode Date last seen Cost, replacement price Price effective from Koha item type
        CRC Fr. Agnel's C.Rodrigues College of Engineering Fr. Agnel's C.Rodrigues College of Engineering 17/03/2023 Allied Publishers 3000.86 2821 dt 19/02/2013   5.14 LIN 22572 17/03/2023 4001.14   Reference Book